[Event "Poti op 14th"]
[Site "Poti"]
[Date "2019.07.18"]
[Round "7"]
[White "Kavkasidze, Ilia"]
[Black "Mikayelyan, Mikael"]
[Result "0-1"]
[WhiteElo "1704"]
[BlackElo "1736"]
[PlyCount "146"]
[EventDate "2019.07.13"]
[EventType "swiss"]
[EventRounds "9"]
[EventCountry "GEO"]
[SourceTitle "EXT 2020"]
[Source "ChessBase"]
[SourceDate "2019.10.17"]
[SourceVersion "1"]
[SourceVersionDate "2019.10.17"]
[SourceQuality "1"]

1. d4 d5 2. Bf4 Nf6 3. Nf3 Bf5 4. e3 e6 5. Bd3 Bg6 6. Ne5 Nbd7 7. Bg5 Be7 8. Nd2 Nxe5 9. dxe5 Nd7 10. Bxe7 Qxe7 11. f4 Nc5 12. Qe2 c6 13. h4 Bxd3 14. cxd3 h5 15. d4 Na4 16. b3 Nb6 17. Qd3 Rh6 18. Nf3 Nc8 19. a3 Qd7 20. g3 Ne7 21. Kf2 Nf5 22. Rac1 f6 23. Rcd1 Kf7 24. Rhg1 Rah8 25. g4 hxg4 26. Rxg4 Qe7 27. Rdg1 Qxa3 28. Qc2 Qe7 29. Ra1 a6 30. Rag1 Kf8 31. Qc3 Qa3 32. Ra1 Qe7 33. Rag1 Kf7 34. Qc2 R8h7 35. exf6 gxf6 36. Qd3 Rh8 37. R1g2 Kf8 38. Qc3 Qa3 39. Rh2 Kf7 40. Qc2 a5 41. Rh1 a4 42. Rb1 axb3 43. Rxb3 Qa6 44. Qb2 Nd6 45. Qb1 Ne4+ 46. Kg1 b5 47. Rb2 Qa3 48. Rb3 Qa8 49. Rb2 Rg8 50. Rbg2 Rxg4 51. Rxg4 Qa3 52. Qe1 b4 53. Ng5+ fxg5 54. fxg5 Rg6 55. Qf1+ Ke7 56. Qf4 Qa7 57. h5 Rg8 58. g6 Rf8 59. Qe5 Qa1+ 60. Kh2 Rf2+ 61. Rg2 Rxg2+ 62. Kxg2 Qb2+ 63. Kh3 Qf2 64. g7 Qxe3+ 65. Kh4 Qe1+ 66. Kh3 Nf2+ 67. Kg2 Qxe5 68. g8Q Qxh5 69. Qb8 Ne4 70. Qc7+ Kf6 71. Qd8+ Kf5 72. Qf8+ Nf6 73. Kf2 b3 0-1